Central Library OPAC University of Rajshahi

Care and education in early childhood : (Record no. 59997)

MARC details
000 -LEADER
fixed length control field 00878nam a2200265 a 4500
001 - CONTROL NUMBER
control field 59997
003 - CONTROL NUMBER IDENTIFIER
rucl marc code BD-RjUL
005 - DATE AND TIME OF LATEST TRANSACTION
control field 20211209080808.0
008 - FIXED-LENGTH DATA ELEMENTS--GENERAL INFORMATION
fixed length control field 161228r20052003enk 001 0 eng d
020 ## - INTERNATIONAL STANDARD BOOK NUMBER
International Standard Book Number 0415225957
035 ## - SYSTEM CONTROL NUMBER
System control number (BD-RjUL)60121
System control number BNB2739.1950
040 ## - CATALOGING SOURCE
Original cataloging agency BDS
Language of cataloging eng
Transcribing agency BD-RjUL
041 ## - LANGUAGE CODE
Language code of text/sound track or separate title eng
082 0# - DEWEY DECIMAL CLASSIFICATION NUMBER
Classification number 372.210941
Author mark and year CUC 2005
100 1# - MAIN ENTRY--PERSONAL NAME
Personal name Curtis, Audrey.
9 (RLIN) 178493
245 10 - TITLE STATEMENT
Title Care and education in early childhood :
Remainder of title a student's guide to theory and practice /
Statement of responsibility, etc. Audrey Curtis and Maureen O'Hagan.
260 ## - PUBLICATION, DISTRIBUTION, ETC. (IMPRINT)
Place of publication, distribution, etc. London :
Name of publisher, distributor, etc. RoutledgeFalmer,
Date of publication, distribution, etc. 2003 [Reprinted 2005]
300 ## - PHYSICAL DESCRIPTION
Pagination ix, 230 p. ;
Size 25 cm.
504 ## - BIBLIOGRAPHY, ETC. NOTE
Bibliography, etc Includes bibliographical references and index.
650 #0 - SUBJECT ADDED ENTRY--TOPICAL TERM
Topical term or geographic name as entry element Early childhood education
Geographic subdivision Great Britain.
9 (RLIN) 178494
Topical term or geographic name as entry element Child care
Geographic subdivision Great Britain.
9 (RLIN) 178495
700 1# - ADDED ENTRY--PERSONAL NAME
Personal name O'Hagan, Maureen.
942 ## - ADDED ENTRY ELEMENTS (KOHA)
Source of classification or shelving scheme Dewey Decimal Classification
Koha item type Books
Holdings
Lost status Source of classification or shelving scheme Damaged status Not for loan Collection code Permanent Location Current Location Shelving location Date acquired Source of acquisition Cost, normal purchase price Total Checkouts Full call number Date last seen Copy number Koha item type
  Dewey Decimal Classification   Not For Loan Non-fiction Central Library, University of Rajshahi Central Library, University of Rajshahi Reading Room 13/04/2006 Paragogn Enterprise, Dhaka 17.99   372.210941 CUC 2005 28/12/2016 C-1 Books